ARRUPE JESUIT UNIVERSITY

CORONAVIRUS -STOP THE SPREAD - CLEAN,DISINFECT,COVER

Thomas Aquinas's Summa contra gentiles : (Record no. 127007)

MARC details
000 -LEADER
fixed length control field 01298cam a2200313 i 4500
001 - CONTROL NUMBER
control field 18854503
003 - CONTROL NUMBER IDENTIFIER
control field ARRUPE
005 - DATE AND TIME OF LATEST TRANSACTION
control field 20171003093804.0
008 - FIXED-LENGTH DATA ELEMENTS--GENERAL INFORMATION
fixed length control field 151112s2016 nyu b 001 0deng
010 ## - LIBRARY OF CONGRESS CONTROL NUMBER
LC control number 2015044427
020 ## - INTERNATIONAL STANDARD BOOK NUMBER
International Standard Book Number 9780190456542 (pbk. : alk. paper)
020 ## - INTERNATIONAL STANDARD BOOK NUMBER
International Standard Book Number 9780190456535 (cloth : alk. paper)
040 ## - CATALOGING SOURCE
Original cataloging agency DLC
Language of cataloging eng
Transcribing agency DLC
Description conventions rda
Modifying agency DLC
042 ## - AUTHENTICATION CODE
Authentication code pcc
050 00 - LIBRARY OF CONGRESS CALL NUMBER
Classification number BX1749.T45
Item number D38 2016
082 00 - DEWEY DECIMAL CLASSIFICATION NUMBER
Classification number 239
Edition number 23
300 ## - PHYSICAL DESCRIPTION
Dimensions 25 cm
100 1# - MAIN ENTRY--PERSONAL NAME
Personal name Davies, Brian,
Dates associated with a name 1952-
Relator term author.
9 (RLIN) 36643
245 10 - TITLE STATEMENT
Title Thomas Aquinas's Summa contra gentiles :
Remainder of title a guide and commentary /
Statement of responsibility, etc Brian Davies.
260 ## - PUBLICATION, DISTRIBUTION, ETC. (IMPRINT)
Place of publication, distribution, etc New York
Name of publisher, distributor, etc Oxford University Press
Date of publication, distribution, etc 2016
300 ## - PHYSICAL DESCRIPTION
Extent xviii, 485 p. ;
504 ## - BIBLIOGRAPHY, ETC. NOTE
Bibliography, etc Includes bibliographical references (pages 461-471) and index.
600 00 - SUBJECT ADDED ENTRY--PERSONAL NAME
Personal name Thomas,
Titles and other words associated with a name Aquinas, Saint,
Dates associated with a name 1225?-1274.
Title of a work Summa contra gentiles.
9 (RLIN) 36644
906 ## - LOCAL DATA ELEMENT F, LDF (RLIN)
a 7
b cbc
c orignew
d 1
e ecip
f 20
g y-gencatlg
942 ## - ADDED ENTRY ELEMENTS (KOHA)
Source of classification or shelving scheme Library of Congress Classification
Koha item type Monograph ( Printed materials)
Holdings
Withdrawn status Lost status Source of classification or shelving scheme Damaged status Not for loan Collection code Home library Current library Shelving location Date acquired Total Checkouts Full call number Barcode Date last seen Date checked out Price effective from Koha item type
    Library of Congress Classification     Main Collection ARRUPE LIBRARY ARRUPE LIBRARY Main Collection 03/10/2017 2 B765.T531 C61 D255 2016 46500027792 13/04/2018 02/01/2018 03/10/2017 Monograph ( Printed materials)

 

Arrupe Library. PO Box MP320 Mt Pleasant, Harare, Zimbabwe
263 242 745411|librarian@aju.ac.zw